00561cam a22002177a 4500003000500000005001700005008004100022010001000063011001000073035001000083040000900093082001700102100002400119245005100143260003600194300002000230490003600250650000900286650001200295830003600307CHAP20220329134456.0971013s1987 r 00010 d a20914 a21886 a25977 cCHAP a080bC5 v.3200aCetto, Ana María.13aLa luzb: en la naturaleza y en el laboratorio aMéxico, D.F. :bF.C.E.,c1987 a137 p.b: ilus. 3aLa ciencia desde Méxicov; 3214aLuz.14aOptica. 3aLa ciencia desde Méxicov; 32